MARC details
| 000 -CABECERA |
| campo de control de longitud fija |
01227nam a2200313 a 4500 |
| 001 - NÚMERO DE CONTROL |
| campo de control |
000012193 |
| 005 - FECHA Y HORA DE LA ÚLTIMA TRANSACCIÓN |
| campo de control |
20200929162734.0 |
| 008 - DATOS DE LONGITUD FIJA--INFORMACIÓN GENERAL |
| campo de control de longitud fija |
091106s2006 dr a r 000 0 spa d |
| 020 ## - NÚMERO INTERNACIONAL ESTÁNDAR DEL LIBRO |
| Número Internacional Estándar del Libro |
9789993459057 |
| 040 ## - FUENTE DE LA CATALOGACIÓN |
| Centro catalogador/agencia de origen |
DO-SdBNP |
| Lengua de catalogación |
spa |
| Centro/agencia transcriptor |
BNPHU |
| 082 ## - NÚMERO DE LA CLASIFICACIÓN DECIMAL DEWEY |
| Número de clasificación |
632.97293 |
| Número de documento/Ítem |
S487m |
| 100 1# - ENTRADA PRINCIPAL--NOMBRE DE PERSONA |
| Nombre de persona |
Serra A., Colmar - Andreas |
| 9 (RLIN) |
28804 |
| 245 10 - MENCIÓN DE TÍTULO |
| Título |
Manejo integrado de plagas de cultivos:/ : |
| Resto del título |
estado actual y perspectivas para la República Dominicana. / |
| Mención de responsabilidad, etc. |
Colma - Andreas Serra A. |
| 260 ## - PUBLICACIÓN, DISTRIBUCIÓN, ETC. |
| Lugar de publicación, distribución, etc. |
Santo Domingo : |
| Nombre del editor, distribuidor, etc. |
CEDAF, |
| Fecha de publicación, distribución, etc. |
2006. |
| 300 ## - DESCRIPCIÓN FÍSICA |
| Extensión |
176 p. : |
| Otras características físicas |
il. ; |
| Dimensiones |
28 cm. |
| 490 1# - MENCIÓN DE SERIE |
| Mención de serie |
Proyecto ÁGORA |
| 500 ## - NOTA GENERAL |
| Nota general |
Incluye datos biográficos del autor |
| 500 ## - NOTA GENERAL |
| Nota general |
Incluye anexos |
| 590 ## - NOTA LOCAL (RLIN) |
| Nota local |
Inventariado, 2018/BT |
| 650 #4 - PUNTO DE ACCESO ADICIONAL DE MATERIA--TÉRMINO DE MATERIA |
| Término de materia o nombre geográfico como elemento de entrada |
Control integrado de plagas |
| 9 (RLIN) |
28805 |
| 650 #4 - PUNTO DE ACCESO ADICIONAL DE MATERIA--TÉRMINO DE MATERIA |
| Término de materia o nombre geográfico como elemento de entrada |
Plagas agrícolas |
| Subdivisión geográfica |
República Dominicana |
| 9 (RLIN) |
28754 |
| 650 #4 - PUNTO DE ACCESO ADICIONAL DE MATERIA--TÉRMINO DE MATERIA |
| Término de materia o nombre geográfico como elemento de entrada |
Cultivos |
| Subdivisión general |
Enfermedades y plagas |
| Subdivisión geográfica |
República Dominicana |
| 9 (RLIN) |
28806 |
| 650 #4 - PUNTO DE ACCESO ADICIONAL DE MATERIA--TÉRMINO DE MATERIA |
| Término de materia o nombre geográfico como elemento de entrada |
Control biológico de plagas |
| 9 (RLIN) |
28807 |
| 650 #4 - PUNTO DE ACCESO ADICIONAL DE MATERIA--TÉRMINO DE MATERIA |
| Término de materia o nombre geográfico como elemento de entrada |
Política agraria |
| Subdivisión geográfica |
República Dominicana |
| 9 (RLIN) |
18966 |
| 650 #4 - PUNTO DE ACCESO ADICIONAL DE MATERIA--TÉRMINO DE MATERIA |
| Término de materia o nombre geográfico como elemento de entrada |
Insectos útiles y perjudiciales |
| 9 (RLIN) |
28808 |
| 710 2# - PUNTO DE ACCESO ADICIONAL--NOMBRE DE ENTIDAD CORPORATIVA |
| Nombre de entidad corporativa o nombre de jurisdicción como elemento de entrada |
Centro para el Desarrollo Agropecuario y Forestal |
| 9 (RLIN) |
519 |
| 830 #0 - PUNTO DE ACCESO ADICIONAL DE SERIE-TÍTULO UNIFORME |
| Título uniforme |
Proyecto ÁGORA |
| 9 (RLIN) |
14822 |
| 910 ## - DATOS DE OPCIÓN DEL USUARIO (OCLC) |
| Datos de opción del usuario |
Validado. Control de calidad. MMOLINA |